Statistiken für Top 15 Länder mit Covid-19-Todesfällen - 11. Juli

Klicken Sie hier um das Quiz zu spielen!

Allgemein

  • Dieses Quiz wurde 8 mal gespielt
  • Das Durchschnittsergebnis liegt bei 17 aus 19

Antwortstatistiken

Land% Korrekt
Brasilien
100%
Deutschland
100%
Frankreich
100%
Italien
100%
Mexiko
100%
Russland
100%
Spanien
100%
Vereinigtes Königreich
100%
Vereinigte Staaten
100%
Chile
86%
Indien
86%
Iran
86%
Irland
86%
Kanada
86%
Peru
86%
Schweden
86%
Belgien
71%
Niederlande
71%
Ecuador
43%

Verteilung der Resultate

Perzentil nach korrekt beantworteten Fragen

Anzahl Personen mit jedem Resultat

Ihre Resultats-Entwicklung

Sie haben dieses Quiz noch nicht gespielt